000 00648nam a22001937a 4500
999 _c6151
_d6151
005 20260318112158.0
008 260318b ||||| |||| 00| 0 eng d
020 _a9781408351550
040 _cKH8
082 _a823.92
100 _aChild,Lauren
_eAuthor
245 _aI am TOO ABSOLUTELY small for SCHOOL
260 _aCarmelite House, 50 Victoria Embankment
_bORCHARD BOOKS
_c2017
300 _a30 pages
_bColour illustration
_c17cm x 18.5cm
520 _aLola is not so sure. Lola says, "I am absolutely not BIG. I am still really quite small.''
650 _aJuvenile Literature
_vConfidence
655 _aGeneral Stories
942 _2ddc
_cFIC